000 00548nam a2200229Ia 4500
003 OSt
005 20220924143313.0
006 a|||||r|||| 00| 0
007 ta
008 220923b |||||||| |||| 00| 0 urd d
020 _c60
024 _a307671
037 _cTextual
040 _aARTS
_cARTS
_burd
041 _2urd
_aurd
082 _aw44Q7NAZ, 168N4
100 _aAbbas Arza
_9215351
245 0 _aMera Bachpan
260 _c1994
942 _hw44Q7NAZ, 168N4
_cTEXL
_2CC
999 _c453996
_d453996